000 01073nam0a2200313 4500
001 RU\NLR\bibl\1808
005 20260406042749.0
010 _a5-15-000364-6
_910000
021 _aRU
_b98-130
_97
035 _a(NLR Aleph) 000001709
090 _a2787
_c2787
100 _a19980616d1997 |||y0rusy50 ca
101 1 _arus
_ceng
102 _aRU
105 _a|||||||||||||
200 1 _aНе говори мне "никогда"
_e[Роман]
_fКристина Хегган
_g[Пер. с англ. В.И. Ткаченко]
210 _aМ.
_cАСТ
_d1997
215 _a460 с.
_d16
225 1 _aИнтрига
300 _aЗагл. и авт. ориг.: Never say never/ Christiane Heggan
454 0 _12001#$aNever say never$fChristiane Heggan
_tNever say never
686 _aШ6(7США)67-440.4
700 1 _4070
_7ca
_8rus
_aХегган
_bК.
_gКристина
_9112942
_3RU\NLR\auth\772935
801 0 _aRU
_bNLR
_c19980616
_gPSBO
801 1 _aRU
_bNLR
_c19980616
852 _aNLR
_j98-2/233
942 _cBOOK
980 _aNB